Squadra dell'anno UEFA 2002 - Statistics

Statistiche generali
  • Questo quiz è stato fatto 5 volte
  • Il punteggio medio è 8 su 11
Statistiche sulle risposte
Ruolo Nazione Squadra Giocatore % Corretto
Difensore Italia Lazio / Milan Alessandro Nesta
100%
Difensore Spagna Barcellona Carles Puyol
100%
Difensore Brasile Real Madrid Roberto Carlos
100%
Attaccante Brasile Inter / Real Madrid Ronaldo
100%
Centrocampista Francia Real Madrid Zinédine Zidane
100%
Centrocampista Paesi Bassi Inter / Milan Clarence Seedorf
80%
Centrocampista Germania Bayer Leverkusen / Bayern Monaco Michael Ballack
80%
Attaccante Francia Arsenal Thierry Henry
80%
Difensore Romania Ajax Cristian Chivu
40%
Centrocampista Irlanda Blackburn Damien Duff
20%
Portiere Turchia Fenerbahçe Rüştü Reçber
0%
Nessun quiz corrispondente trovato
Distribuzione punteggi
Percentuale di utenti per punteggio
Percentile per numero di risposta
I tuoi punteggi nel tempo
Non hai fatto questo quiz